| 000 | 01242cam a2200217 4500 | ||
|---|---|---|---|
| 001 | WB3830-18 | ||
| 008 | 020813n2002 000 0 eng u | ||
| 035 | _a(Sirsi) u119305 | ||
| 245 | _aODPM review of aggregates provision | ||
| 260 | _c2002 | ||
| 490 |
_aPlanning (for the Natural and Built Environment) _v(1481) 9 August 2002, 2(1) |
||
| 520 | _aODPM restarts review of aggregates provision more than 18 months after it first began. The proposed figures will be 25% lower than current guidelines. ODPM says that the lower figures will lead to a fall in environmental impacts by cutting the rate at which new or current permissions are required. Head of natural resources at the Council for the Protection of Rural England attacked the figures arguing that large areas of the countryside lie vulnerable to quarrying. Draft National and Regional Guidelines for Aggregates Provision in England 2001-16 is available free from the ODPM t +44(0)20 7944 3852 and can be accessed at www.planning.haynet.com | ||
| 590 | _aWB | ||
| 650 | _aODPM | ||
| 650 | _aMPG16 | ||
| 650 | _aCOUNCIL FOR THE PROTECTION OF RURAL ENGLAND | ||
| 650 | _aENVIRONMENTAL IMPACT | ||
| 650 | _aMINING INDUSTRY | ||
| 690 | _aMINING AND MINERALS | ||
| 942 | _n0 | ||
| 999 |
_c70931 _d70931 |
||